zpět

Detail výsledku týmu

U sv. Filipa a Jakuba, Praha

Datum a čas kvízu

14.5 Celkem bodů Celkový počet nahraných bodů na tomto kvízu bez doplňovacích otázek.
7. Pořadí na kvízu Konečné umístění týmu na tomto kvízu.

Zaznamenané odpovědi

# Otázka Odpověď Body Výsledky
1. Jaroslav Foldyna z ČSSD si na... 0
2. V centru Paříže se v sobotu se... 0
3. Jak se jmenuje známá osobnost,... 1
4. Jeden tuzemský pivovar oznámil... 0
5. Legendární norský běžec na lyž... 1
6. Co ukradli Františku Loukovi n... 1
7. Student Plha potká ve filmu Ma... 0
8. "Jeho nejtemnější temnosti, kr... 0
9. Mladší příslušník žadoní ve fi... 0
10. „Hele, Hanko, já ti musim něco... 0